Normal view
MARC view
- Loney.S.L
Entry Personal Name
001 - CONTROL NUMBER
- control field: 5873
003 - CONTROL NUMBER IDENTIFIER
- control field: JO-AjAnu
005 - DATE AND TIME OF LATEST TRANSACTION
- control field: 20230606071244.0
008 - FIXED-LENGTH DATA ELEMENTS
- fixed length control field: 230606|| aca||aabn | a|a d
040 ## - CATALOGING SOURCE
- Original cataloging agency: JO-AjAnu
- Transcribing agency: JO-AjAnu
100 ## - HEADING--PERSONAL NAME
- Personal name: Loney.S.L
670 ## - SOURCE DATA FOUND
- Source citation: Work cat.: (JO-AjAnu)3044: Loney.S.L , author, The elements of Statics and Dynamics, part.1